000 00534cab a2200181 4500
001 WB2544-13
008 090401t1989 xxu||||| |||| 00| 0 eng d
035 _a(Sirsi) u26626
041 _aeng
245 _aEuropean currency mortgages
260 _c1989
350 _a0
490 _aDaily Express
_v6/11/89 p27
520 _aTaking out mortgage s in foreign currencies has not been the sound move borrowers had hoped due to fluctuations in the exchange rate.
690 _aHOUSING-FINANCE
942 _n0
948 _c04/03/1997
999 _c17911
_d17911